00294nam a2200121Ia 4500008004100000100001700041245004600058260002300104300000900127650001200136942000700148999001700155190216s9999||||xx |||||||||||||| ||und|| aArthur F Kip 0aFundamentals Of Electricity And Magnetism bMcgraw -hillc1969 a621p aPhysics cBK c33256d33256